[Event "V Sunway Sitges Open 2018"]
[Site "Sitges"]
[Date "2018.12.14"]
[Round "1"]
[White "Andreikin, Dmitry"]
[Black "Jimenez Ruano, Adrian"]
[Result "1-0"]
[WhiteElo "2719"]
[BlackElo "2245"]
[Annotator "TA"]
[PlyCount "77"]
[EventDate "2018.12.14"]
[EventType "swiss"]
[EventCountry "ESP"]
[SourceTitle "playchess.com"]
[Source "ChessBase"]
[SourceQuality "1"]

{[%evp 13,77,0,0,4,0,0,18,5,34,13,13,14,31,14,20,9,36,22,39,24,49,41,38,38,74,77,87,72,116,105,106,113,107,95,105,114,103,114,147,149,152,160,159,152,171,171,174,181,175,173,175,164,230,205,213,133,317,208,591,614,635,612,665,647,682,682]} 1. Nf3 Nf6 2. c4 e6 3. b3 c5 4. Bb2 Nc6 5. e3 Be7 6. Nc3 {A30: Symmetrical English: Double Fianchetto and Hedgehog} (6. Be2 O-O 7. O-O b6 8. d3 Bb7 9. e4 d6 10. Nbd2 Nd7 11. a3 Bf6 12. Bxf6 Qxf6 13. Rb1 a5 14. Ne1 Nd4 15. f4 {1-0 (54) Edouard,R (2635)-Arkell,K (2499) London 2015}) 6... O-O 7. d4 d5 {LiveBook: 11 Games} 8. cxd5 {The position is equal.} Nxd5 9. Nxd5 Qxd5 $146 ({Predecessor:} 9... exd5 10. dxc5 Bxc5 11. a3 Bg4 12. Be2 d4 13. b4 Bb6 14. b5 Bxf3 15. Bxf3 {½-½ (32) Sloth,J (2311)-Larsen,K (2252) Denmark 2016}) 10. Bc4 Qd8 11. dxc5 Qa5+ 12. Qd2 Bxc5 {...Bb4 is the strong threat.} 13. O-O Qxd2 14. Nxd2 b6 15. Rfd1 Be7 16. Ne4 Na5 17. Be2 $36 {[%mdl 2048] White has some pressure.} Bb7 18. Nd6 Bd5 19. Nf5 {[%mdl 64] Deflection} exf5 20. Rxd5 Rad8 21. Rad1 Nc6 22. Bb5 ({Don't take} 22. Rxf5 Rxd1+ 23. Bxd1 Rd8 $14) 22... Nb4 23. Rd7 $1 {Black must now prevent a3.} Nxa2 {[#]} 24. Be2 $1 Rxd7 25. Rxd7 Bc5 26. Rxa7 Nb4 27. g3 Nc6 28. Rc7 Na5 {[#]} 29. Bc3 $1 {[%cal Rc3a5]} Bd6 30. Rd7 Ba3 31. b4 {[%cal Bb3b4,Bb4b5][%mdl 32]} Nc6 32. b5 Na5 (32... Ne7 $142 33. Bd4 Nc8) 33. Bd4 Rb8 34. Be5 Rc8 $2 (34... Re8 $16) 35. Bf3 {aiming for Bd5.} g6 $2 (35... Nc4 36. Bd4 g6) 36. Bd5 $18 {White is clearly winning.} Rf8 37. h4 Bc5 38. Kg2 Bb4 39. Bd4 {Accuracy: White = 83%, Black = 35%.} 1-0

[Event "V Sunway Sitges Open 2018"]
[Site "Sitges"]
[Date "2018.12.14"]
[Round "1"]
[White "Inarkiev, Ernesto"]
[Black "Blasco Coll, Andreu"]
[Result "1-0"]
[WhiteElo "2693"]
[BlackElo "2240"]
[Annotator "TA"]
[PlyCount "53"]
[EventDate "2018.12.14"]
[EventType "swiss"]
[EventCountry "ESP"]
[SourceTitle "playchess.com"]
[Source "ChessBase"]
[SourceQuality "1"]

{[%evp 16,53,31,22,31,37,37,21,34,29,50,66,66,60,137,137,123,131,131,114,199,200,173,178,220,152,173,163,204,198,186,180,484,462,369,187,231,221,393,393]} 1. e4 c6 2. d4 d5 3. e5 Bf5 4. Nd2 e6 5. Nb3 Nd7 6. Nf3 Ne7 {[%cal Bg8e7,Be7c8,Bc8b6][%mdl 32] B12: Caro-Kann: Advance Variation} 7. Be2 Nc8 (7... Ng6 8. O-O f6 9. c4 dxc4 10. Bxc4 fxe5 11. Ng5 Qf6 12. g4 Nf4 13. Bxf4 exf4 14. Nxe6 Bxe6 15. Bxe6 {½-½ (46) Grischuk,A (2766)-Mamedyarov,S (2808) Paris 2018}) 8. a4 a5 9. O-O {LiveBook: 4 Games} Ncb6 10. Ne1 Be7 11. Bd3 Bxd3 12. Nxd3 O-O $146 ({Predecessor:} 12... Nc4 13. Qg4 g6 14. Bh6 Bf8 15. Qh3 {1-0 (27) Bulmaga,I (2385)-Gromova,I (2226) Germany 2013}) 13. Qg4 Kh8 14. Re1 Qc7 (14... Rg8 $14) 15. Re3 $1 $16 f5 16. exf6 Nxf6 {[#]} 17. Qh3 $1 ({Don't play} 17. Qxe6 Rae8 $14) 17... Ne4 (17... Rfe8 $16 {might work better.}) 18. f3 $18 Ng5 19. Qg4 h6 20. Ne5 Rf6 21. Re2 Nf7 {[#]} 22. Bf4 $1 Bd6 23. Nc5 h5 $2 (23... Nxe5 24. Bxe5 Bxe5 25. dxe5 Rf5) 24. Qxh5+ Kg8 25. Bg3 (25. Ng4 $142 Rxf4 26. Nxe6 {[%mdl 64] Double Attack}) 25... Rf5 26. Qg6 Rf6 $2 (26... Rxe5 27. Bxe5 (27. Rxe5 Bxc5 28. dxc5 Nxe5 $18) 27... Nxe5 28. Rxe5 Bxe5 29. Qxe6+ {[%mdl 64] Double Attack} (29. dxe5 Qxe5 30. Qxe6+ Qxe6 $16) 29... Qf7 30. Qxf7+ (30. dxe5 Qxe6 31. Nxe6 Nc4 $18) (30. Qxe5 Nc4 $16) 30... Kxf7 31. dxe5 Nc4) 27. Nxe6 {[%mdl 64] Double Attack. Accuracy: White = 74%, Black = 19%.} 1-0

[Event "V Sunway Sitges Open 2018"]
[Site "Sitges"]
[Date "2018.12.14"]
[Round "1"]
[White "Edouard, Romain"]
[Black "Garcia Trobat, Francisco"]
[Result "1-0"]
[WhiteElo "2644"]
[BlackElo "2239"]
[Annotator "TA"]
[PlyCount "77"]
[EventDate "2018.12.14"]
[EventType "swiss"]
[EventCountry "ESP"]
[SourceTitle "playchess.com"]
[Source "ChessBase"]
[SourceQuality "1"]

{[%evp 21,77,30,33,27,18,-12,-18,-31,7,26,11,17,27,25,14,17,45,20,23,3,0,0,66,39,204,212,191,188,204,221,214,182,275,268,362,360,381,260,306,260,260,247,377,377,383,385,380,380,812,812,812,812,780,686,810,651,627,607]} 1. Nf3 c5 2. c4 g6 3. d4 cxd4 4. Nxd4 Bg7 5. e4 Nc6 6. Be3 Nf6 7. Nc3 d6 8. Be2 Bd7 9. O-O O-O 10. Nb3 a5 11. Rc1 {B38: Sicilian: Maroczy Bind with 5...Bg7 and 7...0-0} (11. Nd2 Bc8 12. Rc1 Nd7 13. Nb3 a4 14. Nd4 Nxd4 15. Bxd4 Bxd4 16. Qxd4 Qb6 17. Qxb6 Nxb6 18. f4 Be6 {½-½ (31) Zherebukh,Y (2633)-Edouard,R (2612) Saint Louis 2018}) 11... a4 {LiveBook: 6 Games} 12. Nd2 a3 13. bxa3 {The position is equal.} Rxa3 14. Nb3 $146 ({Predecessor:} 14. Ndb1 Ra8 15. a4 Qa5 16. Na3 Ne5 17. Nab5 Rfc8 18. c5 Neg4 19. cxd6 Nxe3 20. fxe3 exd6 21. Qxd6 Bxb5 22. Nxb5 Rxc1 23. Rxc1 Nxe4 {½-½ (29) Muzychuk,M (2460)-Leconte,M (2282) Porto Carras 2011}) 14... Nb4 15. e5 Ne8 16. exd6 $1 Nxd6 17. Bc5 $1 {[%csl LRb4,LRd6][%mdl 64] Double Attack} Bxc3 18. Rxc3 Nxa2 19. Rd3 (19. Re3 {is more complex.} Ra6 20. Qd2 Be6 21. Rd1 Qa8 22. Bd4) 19... Ra6 20. Bxd6 exd6 21. Qd2 $36 {[%mdl 2048] White has the initiative.} Bf5 (21... Re8 $11) 22. Re3 $14 {And now Ra1 would win.} Qf6 $2 (22... Re8 $14) 23. c5 $18 Ra4 24. cxd6 Rd8 25. Rd1 $1 b6 26. h3 Be6 {[#]} (26... h5 $142 27. Bb5 Rb4) 27. Bg4 $1 {[%mdl 512]} Nb4 (27... Bxg4 28. hxg4) 28. Bxe6 fxe6 29. Rf3 Qe5 {intending ...Nd5.} 30. Qf4 Qxf4 31. Rxf4 b5 {[#]} (31... e5 $142 32. Re4 Rd7) 32. Nc5 $1 Nd5 33. Nxe6 ({Not} 33. Nxa4 Nxf4 34. Nc5 Kf7 $11) 33... Nxf4 34. Nxd8 Rd4 $2 (34... Ra8) 35. Rxd4 {White is clearly winning.} Ne2+ 36. Kf1 Nxd4 37. d7 b4 38. Nb7 Nc6 {Strongly threatening ...b3.} 39. Ke2 {Accuracy: White = 70%, Black = 41%.} 1-0

[Event "V Sunway Sitges Open 2018"]
[Site "Sitges"]
[Date "2018.12.14"]
[Round "1"]
[White "Adly, Ahmed"]
[Black "Bharath, Subramaniyam H"]
[Result "1-0"]
[WhiteElo "2626"]
[BlackElo "2234"]
[Annotator "TA"]
[PlyCount "74"]
[EventDate "2018.12.14"]
[EventType "swiss"]
[EventCountry "ESP"]
[SourceTitle "playchess.com"]
[Source "ChessBase"]
[SourceQuality "1"]

{[%evp 18,74,70,61,60,60,63,49,84,74,92,94,86,89,84,76,84,66,60,61,62,61,66,66,210,207,209,208,202,203,347,315,410,408,395,316,310,300,302,303,368,364,367,289,386,285,267,97,91,86,184,184,181,181,199,188,2912,2309,29980]} 1. Nf3 Nf6 2. g3 b6 3. Bg2 Bb7 4. d4 g6 5. O-O Bg7 6. c4 O-O 7. d5 c5 8. Nc3 d6 9. e4 Nbd7 10. h3 {LiveBook: 5 Games. A50: Queen's Fianchetto Defence (1 d4 Nf6 2 c4 b6)} a6 (10... b5 11. cxb5 a6 12. bxa6 Bxa6 13. Re1 Ne8 14. Bf4 h6 15. Qc2 g5 16. Bd2 Rb8 17. Nd1 e6 {0-1 (71) Idani,P (2569)-Mamedov,R (2680) Abu Dhabi 2017}) 11. a4 Qc7 12. Re1 {White is slightly better.} Rad8 $146 ({Predecessor:} 12... Rae8 13. Bf4 Nh5 14. Be3 e6 15. g4 Nhf6 16. Bf4 exd5 17. cxd5 Qb8 18. Nd2 Re7 19. Nc4 Ne8 20. Qb3 Qc7 21. Rad1 Be5 22. Bxe5 Nxe5 23. f4 Nxc4 24. Qxc4 Kg7 {½-½ (24) Kulpruethanon,T (2238)-Venkatesh,M (2396) Bangkok 2017}) 13. Bf4 Ne5 14. Nxe5 dxe5 15. Be3 a5 16. Nb5 Qb8 17. b4 axb4 18. a5 Ba6 19. Qa4 $36 {[%mdl 2048] White has good play.} Bxb5 $1 20. Qxb5 Rd6 ({Black should play} 20... bxa5 $14 21. Qxb8 (21. Rxa5 Qxb5 22. Rxb5 Nd7 $14) (21. Qxa5 Nd7 $11) 21... Rxb8) 21. axb6 $18 Rxb6 22. Qxc5 Rb7 23. Qa5 Nd7 (23... Rc8 {was necessary.}) 24. c5 {[%cal Bc4c5,Bc5c6][%mdl 32]} b3 25. c6 Rb5 26. Qa7 b2 27. Rab1 ({Much less strong is} 27. Qxd7 $6 bxa1=N 28. Rxa1 Rd8 $18) 27... Qxa7 28. Bxa7 Nb6 29. Bf1 Rb4 30. Ba6 Na4 31. Re3 Bh6 {Strongly threatening ...Ra8.} 32. Ra3 $2 (32. Rd3 $18) 32... Bd2 $16 33. c7 {Kf1 is the strong threat.} Nc3 {[#]} (33... Kg7 $16) 34. Rxc3 $1 $18 {[%mdl 512]} Bxc3 35. Bc5 $1 {[%csl LRb4,LRe7]} Ra4 36. Bxe7 Ra8 $2 (36... Ba5) 37. d6 {Intending d7 and mate.} Ra1 {Accuracy: White = 58%, Black = 33%.} 1-0

[Event "V Sunway Sitges Open 2018"]
[Site "Sitges"]
[Date "2018.12.14"]
[Round "1"]
[White "Lagarde, Maxime"]
[Black "Sande Edreira, Jose Antonio"]
[Result "1-0"]
[WhiteElo "2616"]
[BlackElo "2230"]
[Annotator "TA"]
[PlyCount "53"]
[EventDate "2018.12.14"]
[EventType "swiss"]
[EventCountry "ESP"]
[SourceTitle "playchess.com"]
[Source "ChessBase"]
[SourceQuality "1"]

{[%evp 13,53,27,31,37,39,22,43,0,8,-17,22,26,35,33,52,2,17,14,11,0,67,66,47,46,133,112,237,206,266,149,327,327,745,704,2083,2041,29990,29991,29991,29990,29992,29990]} 1. d4 Nf6 2. c4 g6 3. Nc3 Bg7 4. e4 d6 5. Nge2 O-O 6. Ng3 c6 7. Be2 a6 {LiveBook: 61 Games} 8. Bg5 {E70: King's Indian: Miscellaneous lines with 4 e4, including 5 Nge2 and 5 Bd3 0-0 6 Nge2} (8. Be3 Nbd7 9. O-O e5 10. d5 cxd5 11. cxd5 h5 12. Rc1 Nh7 13. Qd2 h4 14. Nh1 f5 15. exf5 gxf5 {1-0 (36) Ponomariov,R (2721)-Bologan,V (2645) Tomsk 2006}) 8... b5 9. O-O $146 ({Predecessor:} 9. cxb5 axb5 10. a3 Bb7 11. O-O Nbd7 12. Qd2 Qb6 13. b4 Qd8 14. f4 h6 15. Bh4 Nb6 {½-½ (50) Topalov,V (2520)-Spasov,V (2535) Elenite 1992}) 9... Nbd7 10. f4 {White is slightly better.} bxc4 11. Qd2 Rb8 12. e5 Ne8 13. Bxc4 Kh8 14. Kh1 f6 15. Bh4 Rb4 16. Bb3 Qb6 (16... fxe5 $11 17. dxe5 Nc5) 17. e6 $36 {[%mdl 2048] Black is under pressure.} Nb8 18. d5 c5 (18... Nc7 $14) 19. Nge4 Nc7 {[#]} (19... a5 $16 {was necessary.}) 20. f5 $1 $18 Bb7 {[#]} 21. Qe2 (21. fxg6 $1 $18 Rd4 22. Qe2 hxg6 23. Qg4) 21... gxf5 $2 (21... Nc6 $16 {was called for.}) 22. Rxf5 Nb5 $2 (22... Nc6) 23. Rh5 Nd4 24. Qg4 {Threatening mate with Nxf6.} Nbc6 25. Qg6 {[%csl Gh5][%cal Rg6h7] White mates.} h6 26. dxc6 Bxc6 {[#]} 27. Bxf6 $1 {[%mdl 576] Back Rank. Accuracy: White = 37%, Black = 20%.} 1-0

[Event "V Sunway Sitges Open 2018"]
[Site "Sitges"]
[Date "2018.12.14"]
[Round "1"]
[White "Romanov, Evgeny"]
[Black "Real, Thibault"]
[Result "1-0"]
[WhiteElo "2614"]
[BlackElo "2220"]
[Annotator "TA"]
[PlyCount "43"]
[EventDate "2018.12.14"]
[EventType "swiss"]
[EventCountry "ESP"]
[SourceTitle "playchess.com"]
[Source "ChessBase"]
[SourceQuality "1"]

{[%evp 9,43,12,14,12,17,2,16,0,121,115,120,118,87,56,58,68,111,112,109,112,283,291,275,275,387,383,412,383,497,491,476,459,540,459,826,825]} 1. e4 c5 2. Ne2 e6 3. g3 (3. d4 cxd4 4. Nxd4 a6 5. Bd3 Bc5 6. Nb3 Be7 7. O-O d6 8. a4 Nf6 9. a5 Nc6 10. Nc3 d5 11. exd5 exd5 12. Be3 O-O 13. Bb6 Qd6 14. Bc5 Qd8 15. Bxe7 Qxe7 {1-0 (49) Mchedlishvili,M (2601)-Mareco,S (2635) Doha 2016}) 3... d5 4. Bg2 dxe4 5. Nbc3 f5 6. d3 {B20: Sicilian: Unusual White 2nd moves} exd3 7. Nf4 Nf6 8. O-O {The position is equal.} Bd6 $146 (8... dxc2 $11 9. Qxd8+ Kxd8) ({Predecessor:} 8... Nc6 9. Nxd3 Be7 10. Be3 c4 11. Bxc6+ bxc6 {1-0 (45) Munoz Pantoja,M (2486)-Vehi Bach,V (2317) Barcelona 2017}) 9. Qxd3 $16 {Hoping for Rd1.} Nc6 {[#]} 10. Rd1 $1 Nd4 11. Nb5 Nxb5 $1 12. Qxb5+ {[%mdl 64] Double Attack} Kf7 {[#]} 13. Nxe6 $1 {[%mdl 576] Deflection} Bxe6 14. Qxb7+ {[%mdl 64] Double Attack} Kg6 $2 (14... Qc7 $16) 15. Qxa8 $18 {[%mdl 64] Overworked Piece} Qxa8 16. Bxa8 Rxa8 (16... Bxg3 $142 17. hxg3 Rxa8) 17. Rxd6 Bd5 18. Be3 Bf3 19. Bxc5 {White is clearly winning.} Rc8 20. b4 Kh5 21. Re1 Nd5 (21... a5 $142 22. a3 axb4 23. axb4 Ra8) 22. Re5 {Accuracy: White = 58%, Black = 11%.} 1-0

[Event "V Sunway Sitges Open 2018"]
[Site "Sitges"]
[Date "2018.12.14"]
[Round "1"]
[White "Peralta, Fernando"]
[Black "Kholopov, Alexander A."]
[Result "1-0"]
[WhiteElo "2584"]
[BlackElo "2210"]
[Annotator "TA"]
[PlyCount "73"]
[EventDate "2018.12.14"]
[EventType "swiss"]
[EventCountry "ESP"]
[SourceTitle "playchess.com"]
[Source "ChessBase"]
[SourceQuality "1"]

{[%evp 25,73,60,62,50,60,66,62,56,60,53,54,55,46,55,85,84,94,97,141,120,120,131,130,117,118,137,125,123,164,150,380,376,390,393,386,383,406,395,417,417,414,403,405,329,321,312,333,323,330,313]} 1. d4 f5 2. g3 Nf6 3. Bg2 g6 4. Nf3 Bg7 5. O-O O-O 6. c4 d6 7. Nc3 Qe8 8. b3 e5 9. dxe5 dxe5 10. e4 Nc6 11. Nd5 Qd7 12. exf5 {A87: Dutch Defence: Leningrad System: 5 Nf3} e4 13. Ng5 gxf5 {LiveBook: 11 Games} 14. Rb1 {White is slightly better.} Nxd5 15. cxd5 Nd4 $1 16. Be3 {[#]} Qxd5 $146 ({Predecessor:} 16... c5 17. Qh5 h6 18. Bxd4 cxd4 19. Ne6 Rf7 {1-0 (31) Gupta,A (2613)-Bajarani,U (2551) Al Ain 2015}) 17. Qh5 {[%csl Gg5][%cal Rh5h7]} ({Reject} 17. Bxd4 Qxd4 18. Qc1 c6 $15) 17... h6 {[#]} 18. Nxe4 $1 $40 {[%mdl 704] Pin. White is up to no good.} Qf7 (18... fxe4 19. Qxd5+) 19. Qxf7+ Kxf7 20. Nc5 c6 21. Rbd1 Ne2+ 22. Kh1 Nc3 23. Rd6 Nb5 24. Rd2 {And now Nxb7! would win.} Re8 25. Bf3 {Strongly threatening a4.} Kg6 26. Rfd1 Bf8 {White must now prevent ...Rxe3!} 27. Nd3 Be7 $2 (27... Nc3 $16) 28. Nf4+ $18 Kh7 29. Bh5 Rg8 30. a4 Nc3 {[#]} 31. Rd7 $1 {[%cal Rd7e7][%mdl 512]} Bxd7 32. Rxd7 {[%mdl 64] Double Attack} Rg7 {[#]} 33. Ne6 $1 {[%cal Re6g7]} ({Not} 33. Bd4 Bf6 $16) 33... Rag8 34. Nxg7 Rxg7 {White has a decisive advantage.} 35. Rxb7 a5 36. Bf3 Ne4 37. Bxe4 {Accuracy: White = 96%, Black = 64%.} 1-0

[Event "V Sunway Sitges Open 2018"]
[Site "Sitges"]
[Date "2018.12.14"]
[Round "1"]
[White "Lopez Martinez, Josep Manuel"]
[Black "Gluckman, David"]
[Result "1-0"]
[WhiteElo "2580"]
[BlackElo "2192"]
[Annotator "TA"]
[PlyCount "80"]
[EventDate "2018.12.14"]
[EventType "swiss"]
[EventCountry "ESP"]
[SourceTitle "playchess.com"]
[Source "ChessBase"]
[SourceQuality "1"]

{[%evp 18,80,23,20,20,8,0,2,35,37,35,35,25,30,33,35,37,2,0,7,23,18,18,18,25,17,31,17,43,49,55,17,43,35,140,146,118,144,156,106,126,78,104,79,85,85,83,78,78,66,81,77,208,202,185,178,266,275,225,206,676,658,828,810,835]} 1. Nf3 e6 2. g3 d5 3. Bg2 Nf6 4. c4 Be7 5. d4 O-O 6. Nc3 dxc4 7. Ne5 c5 8. dxc5 Qxd1+ 9. Nxd1 Bxc5 10. Nxc4 {LiveBook: 18 Games} Nd5 $146 {E06: Closed Catalan: Early deviations} ({Predecessor:} 10... Nc6 11. Be3 Bb4+ 12. Nc3 Nd5 13. Bd2 Nxc3 14. bxc3 Be7 15. Rb1 Rd8 16. O-O Bf6 17. Rfd1 h6 18. a4 {1-0 (46) Wang,H (2734)-Fressinet,L (2687) Almaty 2016}) 11. Nde3 Nc6 12. Bd2 Nxe3 {The position is equal.} 13. Bxe3 Bxe3 14. Nxe3 Bd7 15. O-O-O Rac8 16. Kb1 Rc7 17. Rd6 Rfc8 18. Rhd1 Be8 19. R6d2 Ne7 20. b3 b5 21. Rd6 $36 {[%mdl 2048] Black is under pressure.} a5 22. Be4 g6 23. Rb6 a4 24. b4 Nc6 25. Rxb5 Nd4 (25... Na7 $1 $14 26. Rc5 Rxc5 27. bxc5 Rxc5) 26. Rb7 $16 Nxe2 {[#] White must now prevent ...Nc3+.} 27. Rxc7 Rxc7 28. Kb2 Kg7 29. a3 f5 30. Bf3 Bb5 31. Bxe2 Bxe2 {[%mdl 4096] Endgame KRB-KRN} 32. Rd2 Bf3 33. Rc2 Rd7 34. Nc4 {And now Ne5 would win.} Rd1 {[#]} (34... Kf6 $16) 35. Rc1 $1 $18 Rd8 36. Ne5 Be4 (36... Be2 $142 37. Rc7+ Kg8) 37. Rc7+ Kg8 38. f3 Rd5 $2 (38... Bd3 39. f4 Ba6) 39. Nd7 ({Less strong is} 39. fxe4 Rxe5 40. exf5 exf5 $16) 39... Rxd7 40. Rxd7 Bxf3 {Accuracy: White = 69%, Black = 43%.} 1-0

[Event "V Sunway Sitges Open 2018"]
[Site "Sitges"]
[Date "2018.12.14"]
[Round "1"]
[White "Petrosyan, Manuel"]
[Black "Alok, Sinha"]
[Result "1-0"]
[WhiteElo "2565"]
[BlackElo "2187"]
[Annotator "TA"]
[PlyCount "47"]
[EventDate "2018.12.14"]
[EventType "swiss"]
[EventCountry "ESP"]
[SourceTitle "playchess.com"]
[Source "ChessBase"]
[SourceQuality "1"]

{[%evp 18,47,33,57,76,61,70,72,73,63,70,70,78,43,49,50,186,193,173,175,195,192,200,195,198,190,219,213,348,345,443,457]} 1. d4 d5 2. Bf4 Nf6 3. e3 c5 4. c3 Nc6 5. Nd2 Qb6 (5... Bf5 6. Ngf3 e6 7. Nh4 Be4 8. Nhf3 Bf5 9. Nh4 Be4 10. Qb3 Qc8 11. Nhf3 Bf5 12. Be2 Be7 13. O-O O-O 14. h3 h6 15. Rfe1 c4 16. Qd1 b5 {1-0 (66) Grachev,B (2626)-Najer,E (2663) Moscow 2018}) 6. Qb3 {D00: 1 d4 d5: Unusual lines} c4 7. Qc2 g6 8. e4 Nxe4 9. Nxe4 dxe4 10. Bxc4 {LiveBook: 15 Games} Bf5 11. Qb3 Qxb3 12. axb3 Bg7 13. Be3 $146 a6 14. Ne2 {[%cal Bg1e2,Be2f4,Bf4d5,Bd5b6][%mdl 32]} Bd7 15. Nf4 e5 16. Nd5 {Threatens to win with Nc7+.} O-O ({Better is} 16... Rb8 $14) 17. Nb6 $18 Rad8 {[%cal Re5d4]} 18. d5 $36 {[%mdl 2048] Black is under strong pressure.} Nb8 19. Bc5 {[%cal Be3c5,Bc5d6,Bd6c7][%mdl 32]} Rfe8 {[#]} 20. Bd6 $1 {[%cal Rd6b8] Black must now prevent Bxb8.} Bf5 21. Bc7 Bf6 22. d6 ({Much less strong is} 22. Bxd8 $6 Bxd8 23. Na8 b5 $16) 22... Nc6 (22... Nd7 {was necessary.}) 23. Bd5 Nb8 24. Bxb7 {Precision: White = 84%, Black = 37%.} 1-0

[Event "V Sunway Sitges Open 2018"]
[Site "Sitges"]
[Date "2018.12.14"]
[Round "1"]
[White "Kulaots, Kaido"]
[Black "Natarajan, C."]
[Result "1-0"]
[WhiteElo "2555"]
[BlackElo "2177"]
[Annotator "TA"]
[PlyCount "97"]
[EventDate "2018.12.14"]
[EventType "swiss"]
[EventCountry "ESP"]
[SourceTitle "playchess.com"]
[Source "ChessBase"]
[SourceQuality "1"]

{[%evp 20,97,0,0,10,5,4,11,18,12,16,16,3,12,31,29,111,17,17,17,17,17,14,12,12,10,14,0,39,34,39,43,36,36,39,39,37,29,37,22,27,22,25,18,31,26,51,26,28,0,46,44,47,38,54,39,54,0,52,41,49,47,47,47,54,54,54,47,54,14,14,14,91,93,91,91,29997,0,29998,29999]} 1. e4 e6 2. d4 d5 3. Nc3 {[%cal Bb1c3,Bc3e2,Be2d4][%mdl 32]} Nf6 4. e5 Nfd7 5. Nce2 c5 6. Nf3 cxd4 7. Nexd4 Nc6 8. Bb5 {C07: French Tarrasch: 3...c5, 4 Ngf3 and 4 exd5 Qxd5} Qc7 9. O-O (9. Bf4 a6 10. Nxc6 bxc6 11. Bd3 Rb8 12. Rb1 f5 13. O-O c5 14. Re1 g6 15. c4 d4 {½-½ (57) Smirin,I (2663)-Ponkratov,P (2605) Khanty-Mansiysk 2013}) 9... a6 10. Nxc6 bxc6 11. Ba4 $1 {LiveBook: 4 Games} Nc5 12. c4 Nxa4 13. Qxa4 Bd7 $146 ({Predecessor:} 13... Be7 14. cxd5 exd5 15. Be3 Bd7 {1-0 (42) Jurcik,M (2382)-Goczo,M (2263) Szombathely 2010}) 14. cxd5 cxd5 15. Qf4 Rb8 16. b3 Rb4 17. Qg3 f5 (17... h5 $11) 18. exf6 (18. h3 $16) 18... Qxg3 $11 {[#]} 19. f7+ $1 {[%mdl 512]} Kxf7 20. hxg3 Rb7 21. Ne5+ Ke8 22. Bb2 Bd6 23. Rac1 Bxe5 (23... a5 {is interesting.} 24. Bd4 Ke7 25. Nxd7 Kxd7 26. Bxg7 Rg8) 24. Bxe5 Kf7 25. Rc3 Rc8 26. Rxc8 Bxc8 $14 {[%mdl 4096] Endgame KRB-KRB} 27. g4 Bd7 28. Rc1 a5 29. Rc3 a4 30. f3 axb3 31. axb3 Bb5 32. Kf2 Kg6 33. Ke3 Bf1 34. Kf2 Bb5 35. Rc2 h5 36. gxh5+ Kxh5 37. Ke3 Bf1 38. Kf2 (38. g4+ $14 Kg6 39. b4) 38... Bd3 (38... Bb5 $1 $11) 39. Rc3 Bb1 40. g4+ Kg6 41. Ke3 Ba2 42. b4 Bc4 43. Ra3 $1 Kg5 44. Ra5 Rxb4 45. Ra7 Rb3+ {[#]} (45... d4+ $1 $11 46. Bxd4 (46. Kxd4 Bd5+ 47. Kc5 Rb7 $11) 46... g6) 46. Kf2 $1 $16 d4 47. Kg3 Bd5 $2 {[%mdl 8192]} (47... Kh6 $16) 48. Rxg7+ Kh6 {[#]} 49. Kh4 $1 {Accuracy: White = 58%, Black = 47%.} 1-0

[Event "V Sunway Sitges Open 2018"]
[Site "Sitges"]
[Date "2018.12.14"]
[Round "1"]
[White "Halkias, Stelios"]
[Black "Rey Malde, Henrique"]
[Result "1-0"]
[WhiteElo "2552"]
[BlackElo "2171"]
[Annotator "TA"]
[PlyCount "99"]
[EventDate "2018.12.14"]
[EventType "swiss"]
[EventCountry "ESP"]
[SourceTitle "playchess.com"]
[Source "ChessBase"]
[SourceQuality "1"]

{[%evp 15,99,21,25,6,25,23,20,0,14,14,47,45,41,28,52,48,53,45,54,32,30,28,40,45,45,32,32,31,32,31,45,31,31,31,31,31,32,29,27,16,42,20,47,43,35,15,27,22,26,29,25,24,35,40,62,62,239,254,318,327,324,295,333,331,334,318,326,302,432,322,306,271,320,318,308,270,270,263,305,304,432,443,425,408,506,412]} 1. Nf3 c5 2. c4 Nc6 3. Nc3 e5 4. e3 Nf6 5. Be2 d5 6. cxd5 {A34: Symmetrical English: 2 Nc3, lines with ...d5} (6. d4 exd4 7. exd4 cxd4 8. Nxd4 dxc4 9. Nxc6 Qxd1+ 10. Kxd1 bxc6 11. Bxc4 Bg4+ 12. Kc2 Bf5+ 13. Bd3 Bxd3+ 14. Kxd3 O-O-O+ 15. Kc2 Bc5 {½-½ (33) So,W (2778)-Vachier Lagrave,M (2789) Leuven 2018}) 6... Nxd5 7. O-O Be7 8. Bb5 Nxc3 {LiveBook: 3 Games} 9. dxc3 {Threatening Nxe5.} (9. bxc3 {seems wilder.} Qd6 10. d4 cxd4 11. cxd4 exd4 12. Nxd4 a6 13. Nxc6 axb5 14. Nxe7 Qxe7 15. Qd5) 9... Qc7 10. e4 O-O 11. h3 $146 ({Predecessor:} 11. Be3 Bg4 12. Be2 Na5 13. Nd2 Be6 14. b3 Rfd8 15. Qc2 a6 16. Rfd1 b5 17. Bf1 {½-½ (17) Tikhomirov,S (2265)-Gavela,D (2282) Bucharest 2000}) 11... h6 12. Bc4 Kh8 13. Nh2 f5 14. Qe2 fxe4 15. Bd5 Bf5 16. Bxe4 Qd7 17. f3 Rad8 18. Ng4 Bxe4 19. Qxe4 Qd3 20. Qxd3 Rxd3 21. Nf2 Rd7 22. Be3 Rfd8 23. Ne4 b6 24. Kf2 Kg8 25. Ke2 Kf7 26. Rac1 Ke6 27. Rh1 Rd5 28. h4 h5 29. g3 Na5 30. b3 c4 31. Rb1 cxb3 32. axb3 {[%cal Ba2b3,Bb3b4][%mdl 32]} Rb5 33. Nd2 Rbd5 34. b4 Nc6 35. Ne4 b5 $2 {[#]} ({Black should try} 35... R5d7 $14) 36. Ra1 $1 $18 R8d7 37. Ra6 Rc7 38. Rha1 Rdd7 39. Bxa7 {[%mdl 64] Deflection} Rxa7 40. Rxc6+ Kd5 41. Rca6 Rac7 (41... Rxa6 $142 42. Rxa6 Kc4 43. Rc6+ Kd5) 42. Kd3 {[#] Rd1 is the strong threat.} Rc6 43. Kc2 Rdc7 44. Rxc6 Rxc6 {[%mdl 4096] Endgame KRB-KRN} 45. Ra5 Rb6 46. Ra7 Bf6 47. Kd3 Ke6 (47... Rb8 {was called for.} 48. Ra5 Bd8) 48. c4 bxc4+ 49. Kxc4 Rb8 50. Ra6+ {Accuracy: White = 67%, Black = 52%.} 1-0